00570nam a2200193 a 4500001001300000003000900013005001700022008004100039020002300080082001500103100002200118245006900140260004900209300000900258500003500267505001200302650004000314700002200354nice12345678IN_TiNIC20260116012739.0050524s1994 alba grp 000 0 eng  a0791432 c10000a302.2bMOE aMoemeka, Andrew A aCommunicating for Developmentb New Pan-Disciplinary Perspective aAlbany bState University of New York c1994 a280p aincludes index and biblioraphy2 aIndices aCommunication-Community Development1 aMoemeka, Andrew A